000 00333nam a22001577a 4500
003 SGT
020 _a978-93-5152-982-8
082 _a615.1
_bD16G
100 _aGUPTA, S.K.
245 _aDRUG SCREENING METHODS
250 _a3RD
260 _aINDIA
_bJAYPEE
_c2016
300 _a722
650 _aPHARMACOLOGY
942 _2ddc
_cBK
999 _c15645
_d15645